000 00819nam a22002177a 4500
999 _c63668
_d63668
005 20240530110653.0
008 171216s2016 ua g 000 f ara d
017 _a2015/19709
_bمصر. دار الكتب
020 _a9789777950169
040 _aEG-CaGPL
_cEG-CaGPL
082 0 4 _221
_a813.02\
_bس ز
100 0 _aسعيد الكفراوى
245 1 0 _aزبيدة و الوحش :
_cمختارات قصصية /
_bسعيد الكفراوى ؛ رسوم عمرو الكفراوى
250 _aط.1
260 _aالقاهرة :
_bالدار المصرية اللبنانية ،
_c2015 .
300 _a551 ص. ؛
_c24 سم.
650 0 7 _2qrmak
_aالقصص العربية القصيرة
700 0 _aعمرو الكفراوى
_eرسوم
942 _2ddc
_cBK